Представление документа в формате MARC21

Поле Инд. ПП Название Значение
Тип записи a
Библиографический уровень m
001 Контрольный номер RU/IS/BASE/236181942
005 Дата корректировки 20260126080026.0
008 Кодируемые данные 20070626
022 a ISSN 0130-0075
041 a Код языка текста rus
084 a Индекс другой классификации/Индекс ББК 80; 81; 82; 83
090 a Полочн. индекс 95.4+80
x Авторский знак В 387
097 00 a 110
245 00 a Заглавие Вестник Московского университета. Серия 9, Филология
n Номер части/ раздела №2/2007
c Ответственность учредитель: МГУ им. М. В. Ломоносова. Филологический факультет; гл. ред. М. Л. Ремнева
b Продолж. заглавия научный журнал
260 00 a Место издания М.
b Издательство Издательство Московского университета
c Дата издания 2007
300 a Объем 184 с.
500 a Примечание Журнал
530 a Примеч. о доп. формах оглавление
650 a Основная рубрика филологические науки
a Основная рубрика языкознание
a Основная рубрика фольклор
a Основная рубрика литературоведение
773 w Контрольный № источника RU/IS/BASE/403800858
900 a Имя электронного ресурса ~p_mgy_filologiya_2_07
d Дата загрузки макрообъекта 20100101
x Справочная информация Оглавление
901 t Тип документа s
952 a Тип литературы для КСУ ВШ НЖ